<?xml version="1.0" encoding="UTF-8"?>
<record
    xmlns:xsi="http://www.w3.org/2001/XMLSchema-instance"
    xsi:schemaLocation="http://www.loc.gov/MARC21/slim http://www.loc.gov/standards/marcxml/schema/MARC21slim.xsd"
    xmlns="http://www.loc.gov/MARC21/slim">

  <leader>01773nam a2200205 a 4500</leader>
  <controlfield tag="008">      t1971    sp  |||g |||| 000 0 spa d</controlfield>
  <datafield tag="041" ind1=" " ind2=" ">
    <subfield code="a">spa</subfield>
  </datafield>
  <datafield tag="092" ind1=" " ind2=" ">
    <subfield code="c">808.8</subfield>
    <subfield code="l">91</subfield>
    <subfield code="s">VAR</subfield>
  </datafield>
  <datafield tag="100" ind1="1" ind2=" ">
    <subfield code="a">Vargas Llosa, Mario</subfield>
    <subfield code="9">3303</subfield>
  </datafield>
  <datafield tag="245" ind1=" " ind2="3">
    <subfield code="a">La ciudad y los perros /</subfield>
    <subfield code="c">Mario Vargas Llosa</subfield>
  </datafield>
  <datafield tag="250" ind1=" " ind2=" ">
    <subfield code="a">8a ed.</subfield>
  </datafield>
  <datafield tag="260" ind1=" " ind2=" ">
    <subfield code="a">Barcelona:</subfield>
    <subfield code="b">Seix Barral ; Biblioteca Breve de Bolsillo;</subfield>
    <subfield code="c">1971.</subfield>
  </datafield>
  <datafield tag="300" ind1=" " ind2=" ">
    <subfield code="a">343 p.</subfield>
  </datafield>
  <datafield tag="500" ind1=" " ind2=" ">
    <subfield code="a">Vargas Llosa, M. (1971). La ciudad y los perros. (8a ed.). Barcelona : Seix Barral ; Biblioteca Breve de Bolsillo.
</subfield>
  </datafield>
  <datafield tag="505" ind1=" " ind2=" ">
    <subfield code="a">La aparici&#xF3;n de La ciudad y los perros, a ra&#xED;z de serle concedido el premio Biblioteca Breve en 1962, constituy&#xF3; una revelaci&#xF3;n y un acontecimiento literario en todos los pa&#xED;ses de habla hispana. La novela ha hecho una vertiginosa carrera mundial y ha sido traducida a catorce lenguas. En el colegio militar Leoncio Prado, de Lima, en que se entra por favor del estado, por vocaci&#xF3;n militar o por castigo impuesto por los padres, y en que conviven pues, j&#xF3;venes procedentes de todos los niveles sociales, econ&#xF3;micos, &#xE9;tnicos y geogr&#xE1;ficos del Per&#xFA;, se desarrollo una acci&#xF3;n violenta en toda su complejidad y sus contradicciones. El autor injerta en un virtuoso cosmopolit&#xED;smo literario el vital impulso sudamericano, un potente primitivismo indiferente por completo a los convencionalismos sociales europeos. El cuadro en su conjunto es un alegato en contra de la brutalidad y la falsa virilidad, que se pretende inculcar en los j&#xF3;venes para fabricar h&#xE9;roes, pero que de hecho resulta en la anulaci&#xF3;n en ellos de toda sensibilidad.</subfield>
  </datafield>
  <datafield tag="586" ind1=" " ind2=" ">
    <subfield code="a">Premio Biblioteca Breve 1962</subfield>
  </datafield>
  <datafield tag="590" ind1=" " ind2=" ">
    <subfield code="a">Proyecto Literatura 4to libro. Donaci&#xF3;n Quadrini, Liliana. Septiembre 2017</subfield>
  </datafield>
  <datafield tag="655" ind1=" " ind2=" ">
    <subfield code="a">Novela</subfield>
    <subfield code="9">3091</subfield>
  </datafield>
  <datafield tag="942" ind1=" " ind2=" ">
    <subfield code="2">ddc</subfield>
    <subfield code="c">LIT</subfield>
  </datafield>
  <datafield tag="999" ind1=" " ind2=" ">
    <subfield code="c">2469</subfield>
    <subfield code="d">2469</subfield>
  </datafield>
  <datafield tag="952" ind1=" " ind2=" ">
    <subfield code="0">0</subfield>
    <subfield code="1">0</subfield>
    <subfield code="2">ddc</subfield>
    <subfield code="4">0</subfield>
    <subfield code="7">0</subfield>
    <subfield code="a">BFM</subfield>
    <subfield code="b">BFM</subfield>
    <subfield code="c">CR</subfield>
    <subfield code="d">2017-09-26</subfield>
    <subfield code="e">Donaci&#xF3;n Quadrini, Liliana. Septiembre 2017</subfield>
    <subfield code="l">2</subfield>
    <subfield code="o">808.8 91 VAR</subfield>
    <subfield code="p">3936</subfield>
    <subfield code="r">2023-03-10</subfield>
    <subfield code="s">2022-12-21</subfield>
    <subfield code="t">Ej.1</subfield>
    <subfield code="w">2017-09-26</subfield>
    <subfield code="y">LIT</subfield>
    <subfield code="z">Proyecto 4to Libro. Donaci&#xF3;n Quadrini, Liliana. Septiembre 2017</subfield>
  </datafield>
</record>
